Air pollution control in quarry operations: the impact of the Environmental Protection Act (Record no. 30051)

MARC details
000 -LEADER
fixed length control field 01118cab a2200229 4500
001 - CONTROL NUMBER
control field ABS44529
008 - FIXED-LENGTH DATA ELEMENTS--GENERAL INFORMATION
fixed length control field 090401t1991 xxu||||| |||| 00| 0 eng d
035 ## - SYSTEM CONTROL NUMBER
System control number (Sirsi) u47678
041 ## - LANGUAGE CODE
Language code of text/sound track or separate title eng
100 ## - MAIN ENTRY--PERSONAL NAME
Personal name Butler, A.
245 ## - TITLE STATEMENT
Title Air pollution control in quarry operations: the impact of the Environmental Protection Act
260 ## - PUBLICATION, DISTRIBUTION, ETC.
Date of publication, distribution, etc. 1991
350 ## - PRICE (NR) (BK AM CF MU VM SE) [OBSOLETE]
Price 0
490 ## - SERIES STATEMENT
Series statement Quarry Management
Volume/sequential designation May 1991, 33-35(3)
520 ## - SUMMARY, ETC.
Summary, etc. Amongst the varied provisions of the Environmental Protection Act 1990 are several which will affect the quarrying industry. Though certain benefits will accrue from increased pollution control , the administrative costs of compliance with the Act will be severe. Following a brief reminder of existing legislation, the article summarizes Part 1 of the new Act, comments on the transfer of much of the minerals industry to local authority control and ends with a precis of forthcoming guidance notes.
650 ## - SUBJECT ADDED ENTRY--TOPICAL TERM
Topical term or geographic name entry element Environment
9 (RLIN) 6238
650 ## - SUBJECT ADDED ENTRY--TOPICAL TERM
Topical term or geographic name entry element EXTRACTIVE INDUSTRIES
690 ## - LOCAL SUBJECT ADDED ENTRY--TOPICAL TERM (OCLC, RLIN)
Topical term or geographic name as entry element ENVIRONMENTAL AND LAND CONSULTANCY
700 ## - ADDED ENTRY--PERSONAL NAME
Personal name Crook, M.
942 ## - ADDED ENTRY ELEMENTS (KOHA)
Suppress in OPAC 0
948 ## - LOCAL PROCESSING INFORMATION (OCLC); SERIES PART DESIGNATOR (RLIN)
c (OCLC) 04/03/1997
Holdings
Withdrawn status Lost status Source of classification or shelving scheme Damaged status Not for loan Home library Current library Shelving location Date acquired Total Checkouts Full call number Barcode Date last seen Copy number Price effective from Koha item type
    Dewey Decimal Classification     London London Journal article 14/09/1999   ABS44529 47678-1001 06/08/2019 1 06/08/2019 Journal article